00415nam a2200145 4500003000900000005001700009008004100026020002600067040001300093082001700106100001500123245007700138260004500215300000900260SEACOMEC20250204130243.0250204b |||||||| |||| 00| 0 eng d a9788121908832c125.00 aSEACOMEC a517.14bD213 a Dara, S S aA Textbook of Environmental Chemistry and Pollution Controlc / S S Dara aNew Delhi :bS. Chand Publishing, c1993 a414p